[Event "East Greenbush op"]
[Site "East Greenbush"]
[Date "2003.11.15"]
[Round "3"]
[White "Cooney, Amber Joy"]
[Black "Battes, Lee T"]
[Result "1-0"]
[WhiteElo "1926"]
[BlackElo "2020"]
[PlyCount "107"]
[EventDate "2003.11.15"]
[EventType "swiss"]
[EventRounds "4"]
[EventCountry "USA"]
[SourceTitle "EXT 2008"]
[Source "ChessBase"]
[SourceDate "2007.11.25"]
[SourceVersion "1"]
[SourceVersionDate "2007.11.25"]
[SourceQuality "1"]

1. Nf3 d5 2. g3 Nf6 3. Bg2 e6 4. d3 c5 5. Nbd2 Nc6 6. e4 Be7 7. 0-0 0-0 8. Qe2 dxe4 9. dxe4 Nd4 10. Nxd4 cxd4 11. e5 Nd5 12. Nb3 Nb4 13. Rd1 Nc6 14. Bxc6 bxc6 15. Nxd4 Qc7 16. Bf4 Bb7 17. Qc4 Rac8 18. Nxe6 Qb6 19. Nxf8 Kxf8 20. e6 c5 21. Qe2 fxe6 22. Re1 Qc6 23. f3 Kf7 24. Kf2 Bf6 25. c3 g5 26. Bd2 g4 27. Qe4 Qxe4 28. fxe4 h5 29. Rad1 Rd8 30. Be3 Bxe4 31. Rxd8 Bxd8 32. Bxc5 Bd5 33. Bxa7 Bxa2 34. Re5 Kg6 35. Be3 Bf6 36. Rc5 Bb3 37. Rb5 Bc4 38. Rb6 Bd5 39. Bd2 Kf5 40. b3 Be7 41. Rb5 Kg6 42. Bf4 Bf6 43. Bd2 Bc6 44. Rc5 Bd5 45. b4 Bb3 46. b5 Bd5 47. Rxd5 exd5 48. b6 d4 49. Bf4 dxc3 50. b7 Bd4+ 51. Ke2 Ba7 52. Kd3 Kf5 53. b8Q Bxb8 54. Bxb8 1-0

[Event "Niskayuna op"]
[Site "Niskayuna"]
[Date "2003.04.12"]
[Round "3"]
[White "Cooney, Amber Joy"]
[Black "Townsend, William T"]
[Result "0-1"]
[WhiteElo "1720"]
[BlackElo "1929"]
[PlyCount "70"]
[EventDate "2003.04.12"]
[EventType "swiss"]
[EventRounds "4"]
[EventCountry "USA"]
[SourceTitle "EXT 2008"]
[Source "ChessBase"]
[SourceDate "2007.11.25"]
[SourceVersion "1"]
[SourceVersionDate "2007.11.25"]
[SourceQuality "1"]

1. Nf3 e6 2. g3 d5 3. Bg2 c5 4. d3 Nc6 5. Nbd2 Bd6 6. 0-0 Nge7 7. e4 0-0 8. Re1 Qc7 9. Nf1 d4 10. a4 e5 11. h4 f6 12. N3h2 Be6 13. Bd2 c4 14. Qc1 cxd3 15. cxd3 Rac8 16. Qd1 Qb6 17. Qe2 Qb3 18. f4 Bb4 19. f5 Bf7 20. Rec1 Na5 21. Ng4 Rc2 22. Nh6+ gxh6 23. Qg4+ Kh8 24. Bxb4 Rxg2+ 25. Kxg2 Qxb4 26. Rc2 Rg8 27. Qd1 Nb3 28. Rb1 Nc5 29. Qc1 Nxd3 30. Qxh6 Qd6 31. Qd2 Nf4+ 32. Kh2 d3 33. Rc3 Qb6 34. Ne3 Ne2 35. Rxd3 Nxg3 0-1